|
|
|
|
| LEADER |
00948naa a2200217 i 4500 |
| 001 |
acta42832 |
| 005 |
20210726155025.0 |
| 008 |
161217s1971 hu o 1|| hun d |
| 040 |
|
|
|a SZTE Egyetemi Kiadványok Repozitórium
|b hun
|
| 041 |
|
|
|a hun
|
| 041 |
|
|
|a eng
|
| 041 |
|
|
|a rus
|
| 245 |
0 |
0 |
|a International Geographical Union
|h [elektronikus dokumentum] :
|b European Regional Conference : Symposium on Karst-Morphogenesis : a detailed exposition of the study tours
|
| 260 |
|
|
|c 1971
|
| 300 |
|
|
|a 12
|
| 490 |
0 |
|
|a International Geographical Union : European Regional Conference
|
| 650 |
|
4 |
|a Természettudományok
|
| 650 |
|
4 |
|a Föld- és kapcsolódó környezettudományok
|
| 695 |
|
|
|a Karsztjelenségek - Magyarország - tanulmányi kirándulás - program
|
| 711 |
|
|
|a International Geographical Union European Regional Conference
|c Budapest
|d 1971
|
| 856 |
4 |
0 |
|u http://acta.bibl.u-szeged.hu/42832/1/igeu_1971_detailed_exposition.pdf
|z Dokumentum-elérés
|